000 00390 a2200121 4500
001 ART_7608
005 20260410161637.0
008 260409a
245 1 0 _aEl difuso límite entre el monotributo y los régimenes generales de tributación
100 1 _aLorenzo, Armando
700 1 _aCavalli, César M.
773 0 _tConsultor tributario
_g- Nº 4 (jun. 2007)
_wREV474
999 _c12984
_d12984